[Event "Thursday Knighter III: PREMIER"]
[Site "Minneapolis, MN"]
[Date "2018.03.01"]
[Round "1.2"]
[White "Hoover, Nathan"]
[Black "Newhall, Peter"]
[Result "1-0"]
[WhiteElo "1979"]
[BlackElo "1067"]

1. e4 c5 2. Nf3 g6 3. d4 cxd4 4. Nxd4 Nc6 5. c4 Bg7 6. Nc2 Nf6 7. Nc3 O-O 8.
Be2 b6 9. O-O Bb7 10. Be3 Rc8 11. f3 Qc7 12. Rc1 Na5 13. Nb5 Qb8 14. Nb4 Nh5
15. Qd2 Bc6 16. Nc3 e6 17. g4 Ng3 18. Rfd1 Nxe2+ 19. Nxe2 Nb7 20. Na6 Qe5 21.
b4 Ba4 22. Re1 Qb2 23. Qxb2 Bxb2 24. Rb1 Ba3 25. Nc3 Bc2 26. Nb5 Bxb1 27. Rxb1
Rxc4 28. Nxa3 Rc3 29. Rb3 Rfc8 30. Bd2 Rxb3 31. axb3 Nd8 32. Kf2 Nc6 33. Ke3
Ne7 34. b5 f5 35. Kd4 Kf7 36. Nc4 Kg7 37. Bb4 Ng8 38. g5 h6 39. h4 hxg5 40.
hxg5 fxe4 41. fxe4 d5 42. exd5 exd5 43. Kxd5 Rd8+ 44. Nd6 Ne7+ 45. Ke6 Nf5 46.
Nc7 Rh8 47. Bc3+ Kh7 48. Bxh8 a5 49. bxa6 Nd4+ 50. Bxd4 b5 51. a7 b4 52. Kf6
Kg8 53. Kxg6 Kf8 54. Bf6 Kg8 55. a8=Q# 1-0

[Event "Thursday Knighter III: PREMIER"]
[Site "Minneapolis, MN"]
[Date "2018.03.01"]
[Round "1.4"]
[White "Boardman, Larry"]
[Black "Wijetunge, Ivan"]
[Result "1-0"]
[WhiteElo "2005"]
[BlackElo "2055"]

1. e4 d5 2. exd5 Nf6 3. d4 Bg4 4. f3 Bf5 5. Bb5+ Nbd7 6. c4 a6 7. Ba4 b5 8.
cxb5 Nxd5 9. Ne2 N5b6 10. bxa6 Nxa4 11. Qxa4 Bd3 12. Nbc3 Bxa6 13. Qc6 e6 14.
O-O Qb8 15. Bf4 Bd6 16. Rfe1 Bb7 17. Qb5 Ra6 18. Qg5 O-O 19. Kh1 Qa8 20. Rad1
Ra5 21. Qg3 Nf6 22. Bxd6 cxd6 23. Qf2 Rf5 24. Ng3 Rf4 25. Qd2 Rh4 26. a3 Nh5
27. Nxh5 Rxh5 28. Ne4 Qb8 29. Kg1 Bd5 30. Rc1 Qb6 31. Kh1 Rb8 32. Re2 Qb7 33.
Qc3 Bxe4 34. fxe4 Rb5 35. Qc6 Rb6 36. Qxb7 R6xb7 37. Rec2 g6 38. Rc8+ Rxc8 39.
Rxc8+ Kg7 40. b4 Ra7 41. Rc3 Kf6 42. Kg1 Kg5 43. g3 h5 44. Kf2 f5 45. exf5
Kxf5 46. b5 Ke4 47. b6 Rb7 48. Rb3 Kxd4 49. a4 Kc4 50. Rb1 Kc5 51. a5 {#r} 1-0

[Event "Thursday Knighter III: OPEN"]
[Site "Minneapolis, MN"]
[Date "2018.03.01"]
[Round "1.2"]
[White "Buyukdag, Yusuf"]
[Black "Melander, Robert"]
[Result "1-0"]
[WhiteElo "1102"]
[BlackElo "1541"]

1. d4 Nf6 2. c4 g6 3. Nc3 Bg7 4. e4 d6 5. Nf3 O-O 6. Be2 e5 7. dxe5 dxe5 8.
Qxd8 Rxd8 9. Nd5 Nxd5 10. cxd5 f5 11. Bg5 Rd6 12. Nd2 h6 13. Be3 c6 14. Bc4
Kh7 15. f3 b5 16. Bb3 Bb7 17. Bc5 Rd8 18. Be7 Rd7 19. d6 fxe4 20. Nxe4 Na6 21.
Be6 Rxe7 22. dxe7 Re8 23. O-O Rxe7 24. Bb3 c5 25. a3 c4 26. Bc2 Nc7 27. Nc3 a6
28. Be4 Bxe4 29. Nxe4 Ne6 30. Rad1 Nd4 31. Rf2 Rd7 32. Rfd2 a5 33. Kf2 Rf7 34.
Nc3 h5 35. Re1 Bh6 36. Rdd1 Bg7 37. Ne4 Kh6 38. Rc1 g5 39. h3 Kg6 40. Kg1 Rf4
41. Nf2 Kh6 42. Kh1 Rf7 43. a4 Rc7 44. axb5 Nxb5 45. Ne4 Nd4 46. Nd6 Rd7 47.
Nxc4 Nb3 48. Rcd1 Rc7 49. Nxe5 Rc2 50. Rd6+ Kh7 51. Nf7 Rxb2 52. Nxg5+ Kg8 53.
Re8+ Bf8 54. Rg6+ Kh8 55. Rxf8# 1-0

[Event "Thursday Knighter III: OPEN"]
[Site "Minneapolis, MN"]
[Date "2018.03.01"]
[Round "1.3"]
[White "Gisselquist, Peter"]
[Black "Juntunen, Steven"]
[Result "1-0"]
[WhiteElo "1018"]
[BlackElo "2133"]

1. e4 e5 2. Nf3 Nc6 3. Bb5 a6 4. Bxc6 dxc6 5. O-O Bg4 6. h3 h5 7. c3 c5 8. Qe2
Qf6 9. d3 Bxf3 10. Qxf3 Qxf3 11. gxf3 O-O-O 12. Rd1 Be7 13. Na3 b5 14. Nc2 g5
15. Be3 f6 16. d4 cxd4 17. cxd4 Bd6 18. d5 Nh6 19. Bd2 g4 20. fxg4 hxg4 21.
Bxh6 Rxh6 22. hxg4 Rg8 23. f3 Rgh8 24. Kf1 Rh1+ 25. Ke2 R1h2+ 26. Kd3 Rf2 27.
Rf1 Rhh2 28. Rxf2 Rxf2 29. Rc1 Rxf3+ 30. Ne3 Kb7 31. Ke2 Rf4 32. Kd3 Kb6 33.
Rc6+ Kb7 34. Nf5 Rxf5 35. gxf5 a5 36. Rc2 Kc8 37. Rg2 Kd7 38. Rg7+ Be7 39.
Rxe7+ Kxe7 40. a4 Kd6 41. axb5 Kc5 42. b6 Kxb6 43. Kc4 a4 44. Kb4 c5+ 45. Kc4
Kc7 46. Kxc5 Kd7 47. Kb4 {#r} 1-0

[Event "Thursday Knighter III: OPEN"]
[Site "Minneapolis, MN"]
[Date "2018.03.01"]
[Round "1.4"]
[White "Michelizza, Jakob"]
[Black "Baker, John"]
[Result "1/2-1/2"]
[WhiteElo "1541"]
[BlackElo "1775"]

1. d4 d5 2. Nf3 c5 3. c4 e6 4. e3 Nf6 5. cxd5 Nxd5 6. dxc5 Bxc5 7. e4 Nb4 8.
Bb5+ Bd7 9. Bxd7+ Nxd7 10. a3 Nc6 11. O-O O-O 12. Bg5 Be7 13. Bxe7 Qxe7 14. b4
Rfd8 15. Nbd2 Nde5 16. Qb1 Rd7 17. Qb2 Nxf3+ 18. Nxf3 Rad8 19. Qc2 Nd4 20.
Nxd4 Rxd4 21. Rfd1 Qd7 22. Rxd4 Qxd4 23. Rc1 g6 24. h3 h5 25. Qc4 Kg7 26.
Qxd4+ Rxd4 27. Rc7 Rd3 28. Rxb7 Rxa3 29. e5 Rb3 30. Kf1 a5 31. b5 a4 32. b6 a3
33. Ra7 Rxb6 34. Rxa3 g5 35. Rg3 Kh6 36. Rf3 Kg7 37. Rg3 Kh6 38. Rf3 {#d}
1/2-1/2

[Event "Thursday Knighter III: OPEN"]
[Site "Minneapolis, MN"]
[Date "2018.03.01"]
[Round "1.5"]
[White "Lochridge, Charles"]
[Black "Khann, Riaz"]
[Result "0-1"]
[WhiteElo "1209"]
[BlackElo "1506"]

1. e4 c5 2. Nf3 d6 3. d4 cxd4 4. Nxd4 Nf6 5. Nc3 a6 6. Be2 e6 7. Be3 Be7 8.
Qd2 O-O 9. O-O-O Qa5 10. Kb1 b5 11. Nd5 Qd8 12. Nxe7+ Qxe7 13. Bd3 Bb7 14. f3
Nbd7 15. g4 Nc5 16. Bg5 h6 17. Be3 Nxd3 18. cxd3 Nd7 19. h4 f6 20. f4 Nc5 21.
b3 ( 21. a3 Nxe4 22. dxe4 Bxe4+ 23. Ka2 Bxh1 24. Rxh1 Rac8 25. f5 Rc4 26. Rc1
Rfc8 27. Rxc4 bxc4 28. Qc3 e5 29. Ne6 Rb8) 21... Nxe4 22. dxe4 Bxe4+ 23. Kb2
Bxh1 24. Rxh1 Rac8 25. h5 {#R} 0-1

[Event "Thursday Knighter III: OPEN"]
[Site "Minneapolis, MN"]
[Date "2018.03.01"]
[Round "1.6"]
[White "Sorlie, Mark"]
[Black "McGrath, Dennis"]
[Result "0-1"]
[WhiteElo "2025"]
[BlackElo "1645"]

1. d4 d5 2. Bf4 Nf6 3. e3 Bf5 4. c4 e6 5. Nc3 Bb4 6. Nf3 O-O 7. Qb3 Nc6 8. Ne5
Bxc3+ 9. bxc3 Na5 10. Qa4 c6 11. h3 a6 12. c5 b5 13. cxb6 Qxb6 14. Qb4 Rab8
15. Qxb6 Rxb6 16. Be2 Rc8 17. g4 Bg6 18. O-O Ne4 19. Rfc1 c5 20. Nd7 Rb2 21.
Bxa6 Ra8 22. Bf1 c4 23. Ne5 Nxf2 24. Nxg6 hxg6 25. Rcb1 Rxb1 26. Rxb1 Ne4 27.
Rc1 Nc6 28. Rc2 Ra3 29. Rb2 Nxc3 30. Rb6 Na5 31. Bd6 Rxa2 32. Bb4 Nd1 33. Rb8+
Kh7 34. Ra8 Rb2 35. Bxa5 Ra2 36. Ra7 c3 37. Bd3 Nxe3 38. Ra6 Nc4 39. Bxc4 dxc4
40. d5 exd5 41. Ra7 c2 42. Bd2 Rxa7 {#R} 0-1

[Event "Thursday Knighter III: OPEN"]
[Site "Minneapolis, MN"]
[Date "2018.03.01"]
[Round "1.7"]
[White "Berg, Vincent"]
[Black "Lothrop, Bill"]
[Result "1-0"]
[WhiteElo "1678"]
[BlackElo "1209"]

1. e4 g6 2. d4 Bg7 3. f4 d6 4. Nf3 Nd7 5. Nc3 c5 6. Be3 cxd4 7. Bxd4 e5 8.
fxe5 dxe5 9. Be3 Bh6 10. Bxh6 Nxh6 11. Qd2 Ng4 12. h3 Ngf6 13. O-O-O O-O 14.
Qh6 Qe7 15. Bc4 Nc5 16. Ng5 Be6 17. Bxe6 Nxe6 18. Nd5 {#r} 1-0

[Event "Thursday Knighter III: OPEN"]
[Site "Minneapolis, MN"]
[Date "2018.03.01"]
[Round "1.9"]
[White "Svenson, Michael"]
[Black "Hale, Roger"]
[Result "0-1"]
[WhiteElo "1528"]
[BlackElo "1979"]

1. d4 d5 2. c4 Nf6 3. Nf3 e6 4. e3 Nbd7 5. Nc3 c6 6. c5 a5 7. Bd3 b6 8. cxb6
Nxb6 9. Na4 Ba6 10. Bxa6 Rxa6 11. Nc5 Bxc5 12. dxc5 Nbd7 13. Qd4 a4 14. Bd2
Qb8 15. O-O O-O 16. Rab1 Qa7 17. Bb4 Ne4 18. Rfc1 Rb8 19. a3 Rb5 20. Bc3 Nxc3
21. bxc3 Nxc5 22. c4 Rxb1 23. Rxb1 Rb6 24. Rb4 Nd7 25. Nd2 c5 26. Qc3 cxb4 27.
axb4 Qb7 28. c5 Rxb4 29. c6 Rb1+ 30. Nf1 Qa6 31. h3 Nb6 32. Qc5 Qxf1+ 33. Kh2
Qh1+ 34. Kg3 Rg1 35. Qe7 Qxg2+ 36. Kf4 Qg5+ 37. Qxg5 Rxg5 38. Kxg5 a3 {#R} 0-1

[Event "Thursday Knighter III: PREMIER"]
[Site "Minneapolis, MN"]
[Date "2018.03.08"]
[Round "2.1"]
[White "Britt, Thomas"]
[Black "Boardman, Larry"]
[Result "1-0"]
[WhiteElo "1460"]
[BlackElo "2005"]

1. d4 f5 2. g3 Nf6 3. Bg2 d6 4. Nf3 c6 5. O-O Qc7 6. Nbd2 e5 7. dxe5 dxe5 8.
Nc4 e4 9. Bf4 Qf7 10. Nce5 Qd5 11. Ng5 Nbd7 12. Nef7 Rg8 13. Nd6+ Bxd6 14.
Qxd5 cxd5 15. Bxd6 Nb6 16. Be5 Bd7 17. f3 h6 18. Bxf6 gxf6 19. Nh3 Ke7 20. Nf4
Rad8 21. Rfd1 Be6 22. Rd4 Rd7 23. Rad1 Kf7 24. Bh3 exf3 25. exf3 Rgd8 26. Kf2
Nc4 27. Nxe6 Kxe6 28. Re1+ Kf7 29. b3 Ne5 30. Bxf5 Rd6 31. Rh4 Kg7 32. f4 Nc6
33. Rg4+ Kf7 34. Bg6+ Kg7 35. Bd3+ Kf7 36. Bg6+ Kg7 37. Re2 Kf8 38. Bh7 Kf7
39. a3 Kf8 40. Rg8+ Kf7 41. Rxd8 Rxd8 42. Bd3 Nd4 43. Rd2 Ke7 44. Ke3 Nc6 45.
Bf1 f5 46. Bg2 Ke6 47. c4 d4+ 48. Kd3 Kd6 49. Re2 {#r} 1-0

[Event "Thursday Knighter III: PREMIER"]
[Site "Minneapolis, MN"]
[Date "2018.03.08"]
[Round "2.2"]
[White "Diaz, Carlos"]
[Black "Hoover, Nathan"]
[Result "0-1"]
[WhiteElo "2045"]
[BlackElo "1979"]

1. e4 e5 2. Nc3 Bc5 3. f4 d6 4. Nf3 Nf6 5. Bc4 O-O 6. d3 a6 7. fxe5 dxe5 8.
Bg5 h6 9. Bh4 Qd6 10. Qe2 Nc6 11. Bxf6 Qxf6 12. Nd5 Qd6 13. Ne3 Bd7 14. O-O-O
b5 15. Bd5 Rae8 16. Rhf1 Ne7 17. Bb3 a5 18. a4 Bxe3+ 19. Qxe3 bxa4 20. Bc4 a3
21. d4 axb2+ 22. Kb1 exd4 23. Rxd4 Qc5 24. Qb3 a4 25. Qa2 Bg4 26. Bxf7+ Rxf7
27. Ne5 Nd5 28. Rxf7 Nc3+ {#R} 0-1

[Event "Thursday Knighter III: PREMIER"]
[Site "Minneapolis, MN"]
[Date "2018.03.08"]
[Round "2.3"]
[White "Wijetunge, Ivan"]
[Black "Marquina, Efrain"]
[Result "1/2-1/2"]
[WhiteElo "2055"]
[BlackElo "1645"]

1. d4 c5 2. d5 e6 3. e4 exd5 4. exd5 d6 5. b3 Qf6 6. c3 g6 7. Nf3 Bg4 8. Bb5+
Nd7 9. Bg5 Qxg5 10. Nxg5 Bxd1 11. Kxd1 Nh6 12. Re1+ Kd8 13. Nd2 a6 14. Bxd7
Kxd7 15. Kc2 Bg7 16. Re2 Bf6 17. Nge4 Bg7 18. Rae1 b5 19. Ng5 Bf6 20. Nde4 Bg7
21. h3 Raf8 22. Ng3 Ng8 23. f4 h6 24. N5e4 f5 25. Nxd6 Kxd6 26. Re6+ Kd7 27.
Rxa6 Rc8 28. Rxg6 Bf8 29. Nxf5 Ne7 30. Rxe7+ Bxe7 31. Rg7 Rce8 32. d6 Ke6 33.
Nxe7 Kxd6 34. Nf5+ Ke6 35. g4 h5 36. Rb7 hxg4 37. Ng7+ Kd5 38. Nxe8 gxh3 39.
Rd7+ Kc6 40. Rd1 Rxe8 41. Rh1 Rf8 42. Rxh3 Rxf4 43. Rh2 Rf1 44. Kd3 Rf3+ 45.
Kd2 Rg3 46. Rf2 Rh3 47. Kc2 Rg3 48. Kb2 Rd3 49. Kc2 Rg3 50. Kb2 Rd3 51. Rc2
Rh3 52. c4 b4 53. a3 bxa3+ 54. Kxa3 Rh1 55. Rg2 Ra1+ 56. Kb2 Rh1 57. Rg6+ Kc7
58. Rg3 Kc6 59. Kc3 Rh6 60. b4 cxb4+ 61. Kxb4 Rf6 62. Ra3 Rf1 63. Ra6+ Kb7 64.
Rd6 Kc7 65. Rh6 Rf5 66. c5 Rf1 67. Rh3 Rb1+ 68. Kc4 Rc1+ 69. Rc3 Rh1 70. Kd4
Rh4+ {#d} 1/2-1/2

[Event "Thursday Knighter III: OPEN"]
[Site "Minneapolis, MN"]
[Date "2018.03.08"]
[Round "2.2"]
[White "Khann, Riaz"]
[Black "Gisselquist, Peter"]
[Result "1/2-1/2"]
[WhiteElo "1506"]
[BlackElo "1018"]

1. e4 e5 2. Nf3 Nc6 3. Bb5 a6 4. Bxc6 dxc6 5. O-O f6 6. d3 Be6 7. Nc3 Bc5 8.
a3 Ne7 9. b4 Bd6 10. d4 exd4 11. Nxd4 Bd7 12. Na4 O-O 13. Nc5 Bxc5 14. bxc5
Ng6 15. c3 Kh8 16. Qf3 Ne5 17. Qg3 Qe7 18. Be3 Be6 19. Nxe6 Qxe6 20. Rab1 Rab8
21. h3 Qe7 22. f4 Nd3 23. e5 Nxc5 24. exf6 Rxf6 25. Bd4 Rg6 26. Qf3 Nd7 27.
Rfe1 Re6 28. Rxe6 Qxe6 29. Qg3 Qf7 30. f5 c5 31. Be5 Nxe5 32. Qxe5 c4 33. Re1
Kg8 34. Qc5 b6 35. Qc6 h6 36. Re6 Rd8 37. Qxc4 Kf8 38. Qb4+ Kg8 39. Qc4 {#d}
1/2-1/2

[Event "Thursday Knighter III: OPEN"]
[Site "Minneapolis, MN"]
[Date "2018.03.08"]
[Round "2.3"]
[White "McGrath, Dennis"]
[Black "Buyukdag, Yusuf"]
[Result "0-1"]
[WhiteElo "1645"]
[BlackElo "1102"]

1. d4 Nf6 2. c4 e6 3. g3 c5 4. Nf3 cxd4 5. Nxd4 Nc6 6. e3 d5 7. Bg2 Bb4+ 8.
Bd2 Be7 9. Nxc6 bxc6 10. O-O O-O 11. Qa4 Bb7 12. Rd1 h5 13. Bc3 Qb6 14. Nd2
Rad8 15. Ba5 Qa6 16. cxd5 Rxd5 17. Bxd5 cxd5 18. Nb3 Ne4 19. Nd4 e5 20. Nf5
Bd8 21. b4 g6 22. Nh4 Bxh4 23. gxh4 Qe2 24. Rf1 Qg4+ 25. Kh1 Nxf2+ 26. Rxf2
d4+ {#R} 0-1

[Event "Thursday Knighter III: OPEN"]
[Site "Minneapolis, MN"]
[Date "2018.03.08"]
[Round "2.4"]
[White "Hale, Roger"]
[Black "Berg, Vincent"]
[Result "0-1"]
[WhiteElo "1979"]
[BlackElo "1678"]

1. e4 d5 2. exd5 Nf6 3. d4 Bg4 4. Nf3 Qxd5 5. Nc3 Qh5 6. Be2 Nc6 7. O-O O-O-O
8. Be3 e5 9. h3 exd4 10. Nxd4 Bxe2 11. Ncxe2 Bd6 12. Qe1 Nxd4 13. Bxd4 Rhe8
14. f3 Qg6 15. f4 Qxc2 16. Bxf6 Rxe2 17. Qg3 gxf6 18. Kh1 Qg6 19. Qxg6 fxg6
20. b3 Rde8 21. Rf3 Re1+ 22. Rxe1 Rxe1+ 23. Kh2 Re4 24. Kg3 h5 25. h4 Kd7 26.
Kh3 Rxf4 27. Rg3 Rxh4+ 28. Kxh4 Bxg3+ 29. Kxg3 Ke6 30. Kh4 Kf5 31. g3 c5 32.
a4 b6 33. Kh3 a6 34. Kg2 b5 {#R} 0-1

[Event "Thursday Knighter III: OPEN"]
[Site "Minneapolis, MN"]
[Date "2018.03.08"]
[Round "2.6"]
[White "Heinisch, Steven"]
[Black "Benson, Carl"]
[Result "0-1"]
[WhiteElo "1300"]
[BlackElo "1814"]

1. e4 e5 2. Nf3 d6 3. d4 exd4 4. Nxd4 Nf6 5. Nc3 Be7 6. Bc4 Bd7 7. O-O Nc6 8.
Bg5 O-O 9. Qd2 a6 10. a3 Nxd4 11. Qxd4 Bc6 12. Rfe1 Nd7 13. Bxe7 Qxe7 14. Rad1
Rae8 15. Nd5 Qd8 16. f4 Nc5 17. e5 Ne6 18. Qd2 dxe5 19. fxe5 Qh4 20. Bb3 Rd8
21. Qe3 Kh8 22. Nb4 Qg4 23. Bd5 Bxd5 24. Rxd5 Nf4 25. Rd2 Rxd2 26. Qxd2 c5 27.
Re4 Nh3+ 28. Kf1 Qxe4 29. Qd6 Qf4+ 30. Ke1 Qf2+ 31. Kd1 Qf1+ 32. Kd2 Qxg2+ 33.
Kd3 Nf4+ 34. Kc4 Ne6 35. Qd5 b5+ 36. Kb3 Qh3+ 37. Nd3 c4+ {#R} 0-1

[Event "Thursday Knighter III: OPEN"]
[Site "Minneapolis, MN"]
[Date "2018.03.08"]
[Round "2.7"]
[White "Wisniewski, Vincent"]
[Black "Browne, Alexander"]
[Result "1-0"]
[WhiteElo "1432"]
[BlackElo "1102"]

1. d4 Nf6 2. c4 g6 3. Nc3 Bg7 4. e4 d6 5. Nge2 O-O 6. Ng3 Nc6 7. d5 Ne5 8. f4
Bg4 9. Qb3 Ned7 10. Be3 b6 11. h3 Bh5 12. Bd3 e6 13. Nf1 Ne8 14. g4 Qh4+ 15.
Bf2 Bxc3+ 16. Qxc3 Qe7 17. gxh5 Nef6 18. h6 exd5 19. cxd5 Rfe8 20. Ng3 Rac8
21. Rg1 Qf8 22. O-O-O Qxh6 23. Qd2 Qxh3 24. Rh1 Qg2 25. Rdg1 Qf3 26. Rh2 {#r}
1-0

[Event "Thursday Knighter III: OPEN"]
[Site "Minneapolis, MN"]
[Date "2018.03.08"]
[Round "2.8"]
[White "Farah, Anthony"]
[Black "Heinisch, Michael"]
[Result "0-1"]
[WhiteElo "1928"]
[BlackElo "1300"]

1. d4 d5 2. Bf4 c5 3. e3 Qb6 4. b3 cxd4 5. exd4 Bf5 6. Nf3 h6 7. Be2 e6 8. a3
Nf6 9. c4 dxc4 10. bxc4 Qb2 11. Nbd2 Nc6 12. O-O Nxd4 13. Nxd4 Qxd4 14. Qa4+
Qd7 15. Qxd7+ Nxd7 16. Bf3 e5 17. Rfe1 O-O-O 18. Be3 Nc5 19. Bxc5 Bxc5 20.
Rxe5 Bd4 21. Rxf5 Bxa1 22. Nb3 Rhe8 23. h3 Re1+ 24. Kh2 Be5+ 25. g3 Rd3 26.
Nc5 Rxa3 27. Rxf7 Rxf3 28. Rxf3 Bf6 29. Kg2 Rc1 30. Ne4 Be5 31. Rf5 Bb2 32.
Nd6+ Kd7 33. Nxb7 Rxc4 34. Nc5+ Kd6 35. Nd3 Bc3 36. Kf3 a5 37. Nc1 Be5 38. Ne2
a4 39. Rf8 a3 40. Ra8 Bb2 41. Ra6+ Kc5 42. Nf4 Kb5 {#R} 0-1

[Event "Thursday Knighter III: OPEN"]
[Site "Minneapolis, MN"]
[Date "2018.03.08"]
[Round "2.10"]
[White "Juntunen, Steven"]
[Black "Lochridge, Charles"]
[Result "0-1"]
[WhiteElo "2133"]
[BlackElo "1209"]

1. e4 c5 2. Nf3 Nc6 3. Bb5 g6 4. O-O Bg7 5. Nc3 e6 6. d3 Nge7 7. Bg5 f6 8. Bh4
O-O 9. Re1 d6 10. Bxc6 bxc6 11. d4 cxd4 12. Nxd4 e5 13. Nxc6 Qd7 14. Nxe7+
Qxe7 15. Nd5 Qf7 16. Qf3 Rb8 17. Qa3 Rd8 18. Re3 g5 19. Bg3 f5 20. f4 gxf4 21.
Rb3 Rxb3 22. Qxb3 fxg3 23. exf5 gxh2+ 24. Kh1 Kh8 25. Rf1 Bxf5 26. g4 Be4+ 27.
Kxh2 Qxf1 28. Kg3 Qg2+ {#R} 0-1

[Event "Thursday Knighter III: PREMIER"]
[Site "Minneapolis, MN"]
[Date "2018.03.15"]
[Round "3.1"]
[White "Louie, Terry"]
[Black "Hoover, Nathan"]
[Result "0-1"]
[WhiteElo "1506"]
[BlackElo "1979"]

1. d4 Nf6 2. e3 g6 3. f4 Bg7 4. Nf3 d6 5. Bd3 O-O 6. O-O Nc6 7. c3 e5 8. fxe5
dxe5 9. Be2 e4 10. Ne1 h5 11. c4 Bf5 12. Nc3 Qd7 13. Nc2 Rad8 14. d5 Qc8 15.
Qe1 Ne5 16. Nd4 Bd7 17. Qh4 Rde8 18. Bd2 Qd8 19. h3 c5 20. dxc6 bxc6 21. Rad1
Qe7 22. Bc1 c5 23. Nb3 Bf5 24. Na4 Rc8 25. Kh1 Rfe8 26. Nc3 Red8 27. Na4 Rxd1
28. Rxd1 Nd3 29. Nc3 Qe5 {#R} 0-1

[Event "Thursday Knighter III: PREMIER"]
[Site "Minneapolis, MN"]
[Date "2018.03.15"]
[Round "3.2"]
[White "Boardman, Larry"]
[Black "Zelkind, Eduard"]
[Result "0-1"]
[WhiteElo "2005"]
[BlackElo "2200"]

1. e4 c5 2. Nf3 e6 3. d4 cxd4 4. Nxd4 Nf6 5. Nc3 d6 6. Be2 a6 7. a4 Nc6 8. Be3
Be7 9. O-O O-O 10. f4 Qc7 11. Kh1 Bd7 12. Nb3 Na5 13. Nxa5 Qxa5 14. g4 Bc6 15.
Bf3 Qb4 16. Qd3 d5 17. e5 Nxg4 18. Bxg4 d4+ 19. Bf3 dxe3 20. Bxc6 bxc6 21. Ne4
Rfd8 22. Qxe3 Qxb2 23. Rg1 Kh8 24. Qg3 g6 25. Qf2 Rd7 26. Rab1 Qa2 27. Nc3 Qc4
28. Rb3 Rad8 {#R} 0-1

[Event "Thursday Knighter III: PREMIER"]
[Site "Minneapolis, MN"]
[Date "2018.03.15"]
[Round "3.3"]
[White "Marquina, Efrain"]
[Black "Diaz, Carlos"]
[Result "0-1"]
[WhiteElo "1645"]
[BlackElo "2045"]

1. d4 Nf6 2. c4 c5 3. Nf3 cxd4 4. Nxd4 e6 5. g3 a6 6. Bg2 Qc7 7. Qd3 Nc6 8. b3
Bb4+ 9. Nc3 Qe5 10. Be3 Ng4 11. O-O Nxe3 12. fxe3 O-O 13. Na4 Rb8 14. Nf3 Qh5
15. a3 Be7 16. Nc3 g5 17. Ne4 d5 18. Nc3 dxc4 19. Qxc4 Bd7 20. b4 Rbc8 21. Qb3
g4 22. Nd4 Qe5 23. Nc2 Nxb4 24. axb4 Rxc3 25. Qb2 Bc8 26. Rf4 f5 27. Ra3 Rxe3
28. Qa2 Rxe2 29. Ra5 Qc7 30. Raxf5 Rxf5 31. Rxg4+ Rg5 32. Rc4 Qb6+ 33. Kh1 Bd7
34. Qb3 Qf2 {#R} 0-1

[Event "Thursday Knighter III: PREMIER"]
[Site "Minneapolis, MN"]
[Date "2018.03.15"]
[Round "3.4"]
[White "McNeil, John"]
[Black "Sokolovskaya, Serafima"]
[Result "0-1"]
[WhiteElo "1757"]
[BlackElo "1980"]

1. e4 e5 2. Nf3 Nc6 3. Bb5 Nge7 4. O-O g6 5. c3 Bg7 6. d3 O-O 7. Nbd2 d6 8.
Re1 h6 9. Nf1 Be6 10. h3 a6 11. Ba4 b5 12. Bc2 f5 13. d4 fxe4 14. Bxe4 d5 15.
Bc2 e4 16. N3h2 Rf6 17. Ng4 Bxg4 18. hxg4 Qf8 19. Qe2 g5 20. Ng3 Re8 21. Rf1
Ng6 22. b3 Nf4 23. Bxf4 gxf4 24. Nf5 Ne7 25. Nxg7 Qxg7 26. c4 f3 27. Qd1 Qxg4
{#R} 0-1

[Event "Thursday Knighter III: OPEN"]
[Site "Minneapolis, MN"]
[Date "2018.03.15"]
[Round "3.2"]
[White "Gisselquist, Peter"]
[Black "Lothrop, Jack"]
[Result "1-0"]
[WhiteElo "1018"]
[BlackElo "1506"]

1. e4 c5 2. c3 d5 3. exd5 Qxd5 4. d4 Nc6 5. Nf3 Bf5 6. Be2 Rd8 7. O-O cxd4 8.
cxd4 Nxd4 9. Nxd4 Qxd4 10. Bb5+ Bd7 11. Qxd4 Bxb5 12. Qe3 Bxf1 13. Kxf1 Nf6
14. Nc3 e6 15. Qf3 b6 16. Qc6+ Rd7 17. Bg5 Kd8 18. Rd1 Rxd1+ 19. Nxd1 h6 20.
Bxf6+ gxf6 21. Nc3 Rg8 22. Nb5 Rg7 23. Qa8+ Ke7 24. Qxa7+ Kd8 25. Qxb6+ Ke7
26. Qd6+ {#r} 1-0

[Event "Thursday Knighter III: OPEN"]
[Site "Minneapolis, MN"]
[Date "2018.03.15"]
[Round "3.3"]
[White "Manning, Gordon"]
[Black "Melander, Robert"]
[Result "0-1"]
[WhiteElo "1645"]
[BlackElo "1541"]

1. Nf3 d5 2. d4 c5 3. e3 Nc6 4. b3 Nf6 5. Bb2 Bg4 6. Bd3 e6 7. Nbd2 Be7 8. h3
Bh5 9. g4 Bg6 10. Qe2 O-O 11. Ne5 Nxe5 12. dxe5 Nd7 13. O-O-O Qc7 14. f4 Bxd3
15. Qxd3 Rac8 16. c4 Nb6 17. Kb1 Rfd8 18. Qe2 dxc4 19. Nxc4 Nd5 20. Rc1 b5 21.
Nd2 Qa5 22. a3 Nxf4 23. exf4 Rxd2 24. Qe1 Qd8 25. Rd1 Qd3+ 26. Ka2 Rd8 27.
Rxd2 Qxd2 28. Qxd2 Rxd2 29. Kb1 Kf8 30. Bc1 Rd5 31. Kc2 Ke8 32. Rd1 Rxd1 33.
Kxd1 Kd7 34. Kc2 Kc6 35. Kc3 Kd5 36. Kd3 c4+ 37. bxc4+ bxc4+ 38. Ke3 Bc5+ 39.
Kf3 c3 40. Ke2 Kc4 41. Kd1 Kd3 42. Ke1 Kc2 {#R} 0-1

[Event "Thursday Knighter III: OPEN"]
[Site "Minneapolis, MN"]
[Date "2018.03.15"]
[Round "3.4"]
[White "Baker, John"]
[Black "McGrath, Dennis"]
[Result "1/2-1/2"]
[WhiteElo "1775"]
[BlackElo "1645"]

1. e4 e6 2. d3 d5 3. Nd2 c5 4. Ngf3 Nc6 5. g3 Nf6 6. Bg2 Bd6 7. O-O O-O 8. Re1
Qc7 9. Qe2 dxe4 10. Nxe4 Nxe4 11. Qxe4 f6 12. Bd2 Qf7 13. d4 Rd8 14. Rad1 cxd4
15. Nxd4 Nxd4 16. Qxd4 e5 17. Qe4 Rb8 18. Qa4 a6 19. Bb4 Bc7 20. Rxd8+ Bxd8
21. Rd1 Be6 22. b3 Bc7 23. Qa3 Rd8 24. Rxd8+ Bxd8 25. c4 Qd7 26. Qc1 b6 27.
Qc2 Be7 28. Bxe7 Qxe7 29. Qd3 Qd7 30. Qxd7 Bxd7 31. Kf1 Kf8 32. Ke1 Ke7 33.
Kd2 Kd6 34. Kc3 a5 35. a3 g5 36. b4 axb4+ 37. axb4 f5 38. Kd3 Be6 39. Kc3 g4
40. h4 h5 41. Ba8 Bf7 42. Bb7 Be6 43. Ba8 Bf7 44. Bb7 Be6 45. Ba8 {#d} 1/2-1/2

[Event "Thursday Knighter III: OPEN"]
[Site "Minneapolis, MN"]
[Date "2018.03.15"]
[Round "3.5"]
[White "Lochridge, Charles"]
[Black "Myrin, Norman"]
[Result "1-0"]
[WhiteElo "1209"]
[BlackElo "1974"]

1. d4 d5 2. c4 e6 3. Nf3 Nf6 4. g3 c6 5. b3 Nbd7 6. Nbd2 Bb4 7. a3 Bc3 8. Rb1
Ne4 9. Bg2 dxc4 10. bxc4 Ndf6 11. Qc2 Qa5 12. O-O Bxd2 13. Nxd2 Nd6 14. e4 Nd7
15. e5 Nf5 16. Bb2 O-O 17. d5 cxd5 18. cxd5 Qc5 19. Qd3 Rb8 20. Be4 Nb6 21.
Rfc1 Qe7 22. d6 Qg5 23. Rc7 Rd8 24. Nb3 Nd5 25. Bxd5 exd5 26. Bc1 Qg4 27. Bf4
Be6 28. f3 Qh3 29. Na5 Rd7 30. Nc6 bxc6 31. Rxb8+ {#r} 1-0

[Event "Thursday Knighter III: OPEN"]
[Site "Minneapolis, MN"]
[Date "2018.03.15"]
[Round "3.7"]
[White "Juntunen, Steven"]
[Black "Svenson, Michael"]
[Result "1-0"]
[WhiteElo "2133"]
[BlackElo "1528"]

1. e4 d5 2. exd5 Qxd5 3. Nc3 Qd8 4. d4 Nf6 5. Be2 c6 6. Nf3 Bg4 7. Be3 e6 8.
h3 Bxf3 9. Bxf3 Bd6 10. Qd2 Nbd7 11. O-O-O Qa5 12. Kb1 Nb6 13. Ne4 Bb4 14. c3
Nxe4 15. Bxe4 Be7 16. Qd3 h6 17. c4 Nd7 18. Bd2 Qb6 19. c5 Qc7 20. f4 Rd8 21.
Qa3 b6 22. Bb4 Qb7 23. cxb6 Bxb4 24. Qxb4 axb6 25. Rc1 Nb8 26. Rhf1 Kd7 27. f5
exf5 28. Rxf5 f6 29. Rb5 Kc7 30. d5 Rd6 31. dxc6 Qa7 32. a4 Nxc6 33. Bxc6 Rxc6
34. Qe7+ Kb8 35. Qxa7+ {#r} 1-0